Score 0/20 Timer 07:00
3 Plays Today
Movie Director % Correct
Reservoir DogsQuentin Tarantino
86.2%
Citizen KaneOrson Welles
82.9%
This Is Spinal TapRob Reiner
55.8%
Night of the Living DeadGeorge A. Romero
54.6%
Blood SimpleCoen Brothers
54.1%
American BeautySam Mendes
53.8%
EraserheadDavid Lynch
53.4%
The Evil DeadSam Raimi
49.6%
Play Misty for MeClint Eastwood
49.6%
Bottle RocketWes Anderson
48.2%
Movie Director % Correct
The Last House on the LeftWes Craven
38.5%
The Shawshank RedemptionFrank Darabont
37.3%
Piranha Part Two: The SpawningJames Cameron
37.1%
Sex, Lies, and VideotapeSteven Soderbergh
36.9%
The Pleasure GardenAlfred Hitchcock
35.1%
The Maltese FalconJohn Huston
33%
FollowingChristopher Nolan
31.2%
The 400 BlowsFran├žois Truffaut
29.4%
The Texas Chain Saw MassacreTobe Hooper
26.8%
SlackerRichard Linklater
22.1%
Remove Ads.
Support Sporcle.
Get the best of Sporcle when you Go Orange. This ad-free experience offers more features, more stats, and more fun while also helping to support Sporcle. Thank you for becoming a member.

You're not logged in!

Compare scores with friends on all Sporcle quizzes.
OR
Log In

Show Comments

Extras

Top Quizzes Today


Score Distribution

Your Account Isn't Verified!

In order to create a playlist on Sporcle, you need to verify the email address you used during registration. Go to your Sporcle Settings to finish the process.

Report this User

Report this user for behavior that violates our Community Guidelines.

Details: